|
|
|
|
| LEADER |
01747nam a2200373 a 4500 |
| 001 |
42695 |
| 003 |
BD-DhAAL |
| 005 |
20240613102956.0 |
| 008 |
2004 t2004 mauab b 001 0 eng d |
| 010 |
|
|
|a 2004042576
|
| 020 |
|
|
|a 0072998377 (alk. paper)
|
| 020 |
|
|
|a 9780072998375
|
| 040 |
|
|
|a DLC
|c DLC
|d DLC
|d BD-DhAAL
|
| 042 |
|
|
|a pcc
|
| 050 |
0 |
0 |
|a P90
|b .B284 2004b
|
| 082 |
0 |
0 |
|a 302.23
|2 23
|
| 100 |
1 |
|
|a Baran, Stanley J.
|9 56552
|
| 245 |
1 |
0 |
|a Introduction to mass communication :
|b media literacy and culture /
|c Stanley J. Baran.
|
| 246 |
|
|
|a Introduction to mass communication
|
| 250 |
|
|
|a Updated media enhanced third edition
|
| 264 |
|
|
|a Boston :
|b McGraw-Hill,
|c c2004.
|
| 300 |
|
|
|a xxxvi, 529, [42] pages :
|b illustrations (some colors), color maps ;
|c 26 cm.
|
| 504 |
|
|
|a Includes bibliographical references and index.
|
| 538 |
|
|
|a System requirements for accompanying computer discs: For Windows and MacIntosh.
|
| 541 |
|
|
|a Donation from the Asia Foundation/Savar Campus Library
|e 42695, 42696
|
| 650 |
|
0 |
|a Mass media.
|
| 650 |
|
0 |
|a Mass media and culture.
|9 43640
|
| 650 |
|
0 |
|a Media literacy.
|
| 650 |
|
0 |
|a Social sciences.
|
| 852 |
|
|
|a Ayesha Abed Library
|
| 942 |
|
|
|2 ddc
|c BK
|
| 999 |
|
|
|c 46726
|d 46726
|
| 952 |
|
|
|0 0
|1 0
|2 ddc
|4 0
|6 302_230000000000000_BAR
|7 0
|9 75645
|a SCL
|b SCL
|c GEN
|d 2024-06-13
|e Donation from the Asia Foundation/Savar Campus Library
|l 0
|o 302.23 BAR
|p 3020042695
|r 2024-06-13
|t 1
|w 2024-06-13
|y BK
|x Donation from the Asia Foundation/Savar Campus Library
|
| 952 |
|
|
|0 0
|1 0
|2 ddc
|4 0
|6 302_230000000000000_BAR
|7 0
|9 75646
|a SCL
|b SCL
|c GEN
|d 2024-06-13
|e Donation from the Asia Foundation/Savar Campus Library
|l 0
|o 302.23 BAR
|p 3020042696
|r 2024-06-13
|t 2
|w 2024-06-13
|y BK
|x Donation from the Asia Foundation/Savar Campus Library
|